| 000 | 01538nam a22003137a 4500 | ||
|---|---|---|---|
| 003 | OSt | ||
| 005 | 20250709102958.0 | ||
| 008 | 250709b |||||||| |||| 00| 0 eng d | ||
| 020 | _a9788175994072 | ||
| 040 | _cSTCPL | ||
| 041 | _aENG | ||
| 082 |
_a599.095 4 _bBIK-N |
||
| 100 | _aGrewal, Bikram | ||
| 100 | _aChakravarty, Rohit | ||
| 245 |
_aA naturalist's guide to the mammals of India - _bBangladesh, Bhutan, Nepal, Pakistan and Sri Lanka / _cby Bikram Grewal and Rohit Chakravarty |
||
| 250 | _a2nd ed. | ||
| 260 |
_aNew Delhi: _bPrakash Book , _c2022. |
||
| 300 |
_a176 p. _bPB |
||
| 520 | _a A Naturalist's Guide to the Mammals of India is a comprehensive field guide that covers over 250 species of mammals found in India. This book features detailed descriptions and stunning photographs of each species. A must-have for nature enthusiasts, wildlife photographers, and anyone interested in India's rich biodiversity. Provides concise descriptions, habitat information, and behavioral insights for each species. Features over 250 mammal species found in India, including mammals from various habitats. An easy-to-use identification guide. Includes high quality photographs from India’s top nature photographers. Perfect for nature enthusiasts and wildlife photographers. | ||
| 650 | _aZoology | ||
| 650 | _aMammals | ||
| 650 | _aMammalia | ||
| 650 | _aSouth Asia | ||
| 650 | _aIndia | ||
| 650 | _aSpecies accounts | ||
| 942 | _cBK | ||
| 942 | _2ddc | ||
| 942 |
_2ddc _n0 |
||
| 999 |
_c86894 _d86894 |
||